Evolutions de Pokémon - 7ème Génération - Statistiques

Statistiques générales
  • Ce quiz a été pris 80 fois
  • Le résultat moyen est 19 sur 24
Statistiques - réponses
Pokémon Evolution % Correct
Flamiaou (2) Félinferno
95%
Flamiaou Matoufeu
95%
Brindibou (2) Archéduc
92%
Otaquin (2) Oratoria
92%
Brindibou Efflèche
86%
Rocabot Lougaroc
86%
Meltan Melmetal
85%
Picassaut (2) Bazoucan
82%
Nounourson Chelours
82%
Otaquin Otarlette
82%
Type:0 Silvallié
81%
Croquine (2) Sucreine
78%
Bébécaille (2) Ékaiser
77%
Bacabouh Trépassable
77%
Crabagarre Crabominable
72%
Larvibule (2) Lucanon
72%
Tiboudet Bourrinos
70%
Araqua Tarenbulle
70%
Larvibule Chrysapile
69%
Bébécaille Écaïd
69%
Spododo Lampignon
69%
Picassaut Piclairon
69%
Bombydou Rubombelle
66%
Croquine Candine
64%
Aucun quiz correspondant
Distribution des résultats
% des personnes avec chaque résultat
Percentile par nombre de réponses
Votre historique - résultats
Vous n’avez pas pris ce quiz